[Event "ICS rated blitz match"]
[Site "204.178.125.65"]
[Date "2001.01.31"]
[Round "?"]
[White "Aegis"]
[Black "Hossa"]
[Result "1/2-1/2"]
[WhiteElo "2771"]
[BlackElo "2595"]
[PlyCount "236"]
[EventDate "2001.??.??"]

1. d4 e6 2. c4 Bb4+ 3. Bd2 a5 4. Nf3 d6 5. g3 Nd7 6. Bxb4 axb4 7. Qb3 c5 8. Bg2
Ne7 9. O-O b6 10. Rd1 Nf6 11. e4 Bd7 12. Qd3 Ba4 13. b3 Bc6 14. dxc5 Bxe4 15.
Qxd6 bxc5 16. a4 Qxd6 17. Rxd6 O-O 18. Nbd2 Rfd8 19. Nxe4 Nxe4 20. Rxd8+ Rxd8
21. a5 Nc8 22. Re1 Nf6 23. Ne5 Rd2 24. a6 Na7 25. Nc6 Rd7 26. Kf1 Kf8 27. Re5
Nxc6 28. Bxc6 Ra7 29. Rxc5 Rxa6 30. Ba4 Rb6 31. Rc8+ Ke7 32. c5 Ra6 33. Rc7+
Kf8 34. c6 Ra8 35. Rb7 Rc8 36. Rxb4 Nd5 37. Rd4 Nc3 38. Rc4 Nxa4 39. bxa4 Ke7
40. a5 Kd6 41. a6 Rc7 42. Ke2 Ra7 43. Ke3 g5 44. Kd3 Kc7 45. h4 gxh4 46. Rxh4
Kxc6 47. Rxh7 Kb5 48. f4 Kxa6 49. f5 exf5 50. Ke3 Kb5 51. Kf4 Re7 52. Kxf5 Re3
53. g4 Rf3+ 54. Ke4 Rg3 55. Kf5 Rf3+ 56. Ke4 Rg3 57. Rg7 Rg1 58. Kf4 Kc6 59.
Rg5 Kd6 60. Rb5 Rf1+ 61. Kg3 Ke6 62. Rb3 Rh1 63. Rb6+ Ke5 64. Rb7 Rh7 65. Rb5+
Ke4 66. Rb1 Rh6 67. Re1+ Kd5 68. Re7 f6 69. Re1 Rg6 70. Kf4 Rg5 71. Re8 Kd6 72.
Re3 Kd7 73. Kf3 Kd6 74. Re2 Kd5 75. Kf4 Kd6 76. Re8 Ra5 77. Kg3 Ra1 78. Re4 Ra2
79. Kf4 Rf2+ 80. Ke3 Rg2 81. Kf3 Rg1 82. Re2 Kd5 83. Re8 Rf1+ 84. Kg2 Rf4 85.
Kg3 Rc4 86. Kf3 Rc1 87. Re7 Rf1+ 88. Kg2 Rf4 89. Kg3 Rc4 90. Re8 Kd6 91. Re3
Kd5 92. Re1 Rc8 93. Kf4 Rg8 94. Re3 Rg5 95. Re8 Kd6 96. Kf3 Kd7 97. Re2 Kd6 98.
Kf4 Kd5 99. Re7 Rg8 100. Rc7 Kd6 101. Rc1 Rg5 102. Re1 Kd5 103. Kf3 Kd6 104.
Re3 Kd7 105. Kf4 Kd6 106. Re8 Ra5 107. Re4 Rg5 108. Ke3 Rg7 109. Kf2 Kd5 110.
Kf3 Rg5 111. Re8 Kd6 112. Re2 Kd5 113. Kf4 Kd6 114. Re3 Kd7 115. Rd3+ Ke6 116.
Rd8 Rc5 117. Re8+ Kf7 118. Re4 Rg5 {Game drawn by the 50 move rule} 1/2-1/2

[Event "ICS rated blitz match"]
[Site "204.178.125.65"]
[Date "2001.01.31"]
[Round "?"]
[White "Hossa"]
[Black "Aegis"]
[Result "0-1"]
[WhiteElo "2602"]
[BlackElo "2776"]
[PlyCount "104"]
[EventDate "2001.??.??"]

1. e4 c5 2. Nc3 Nc6 3. Nge2 g6 4. d4 cxd4 5. Nxd4 Bg7 6. Be3 Nf6 7. Nxc6 bxc6
8. e5 Ng8 9. f4 f6 10. e6 d5 11. f5 Qd6 12. g4 Qe5 13. Qd4 Qxd4 14. Bxd4 h5 15.
fxg6 hxg4 16. Na4 g3 17. Nc5 Rxh2 18. Rg1 Nh6 19. Bd3 Rb8 20. Rxg3 Rh4 21. Nd7
Bxd7 22. exd7+ Kxd7 23. Bxa7 Rxb2 24. Bf2 e5 25. Kd2 Ra4 26. a3 e4 27. Be2 f5
28. Be3 d4 29. Bxh6 Bxh6+ 30. Ke1 Bg7 31. Bd1 Ra5 32. Rg5 d3 33. cxd3 exd3 34.
Kf1 Bd4 35. g7 Rf2+ 36. Kg1 Re5 37. Kh1 Re1+ 38. Rg1 Re3 39. Bg4 fxg4 40. Rxg4
Rh3+ 41. Kg1 Be3 42. Re4 Ra2+ 43. Rxe3 Rxa1+ 44. Kg2 Rxe3 45. g8=Q Re2+ 46. Kh3
Rh1+ 47. Kg3 Rg1+ 48. Kf4 Rxg8 49. Kf3 Kd6 50. Kf4 d2 51. a4 d1=Q 52. a5 Qf1# {
Hossa checkmated} 0-1

[Event "ICS rated blitz match"]
[Site "204.178.125.65"]
[Date "2001.01.31"]
[Round "?"]
[White "PostModernist"]
[Black "Hossa"]
[Result "0-1"]
[WhiteElo "2501"]
[BlackElo "2593"]
[PlyCount "190"]
[EventDate "2001.??.??"]

1. e4 e6 2. d4 d5 3. exd5 exd5 4. Nf3 Bd6 5. c4 Nf6 6. Nc3 O-O 7. cxd5 Bb4 8.
Bg5 Qd6 9. Bxf6 Qxf6 10. Be2 Qg6 11. Kf1 Rd8 12. Rc1 Bd7 13. Bd3 Qh6 14. Qd2
Qxd2 15. Nxd2 Re8 16. Nb3 a6 17. Nc5 b6 18. Nxd7 Nxd7 19. a3 Bd6 20. g3 Nf6 21.
Kg2 b5 22. Rhe1 Rxe1 23. Rxe1 b4 24. axb4 Bxb4 25. Bc4 a5 26. Re5 Nd7 27. Re2
Nb6 28. Ba2 Rb8 29. Rc2 Rb7 30. Ne4 Kf8 31. Nc5 Ra7 32. Re2 Ra8 33. Kf3 Rd8 34.
Na6 Bd6 35. h4 g6 36. g4 a4 37. g5 a3 38. bxa3 Ra8 39. Nc5 Rxa3+ 40. Kg2 Kg7
41. Ne4 h6 42. Rb2 Na4 43. Rc2 hxg5 44. hxg5 Bf4 45. Kf1 Nb6 46. Ke2 Nc8 47.
Bc4 Nd6 48. Bd3 Nxe4 49. Bxe4 Ra7 50. Rc5 Ra1 51. Kf3 Bd6 52. Rb5 Rg1 53. Ke3
Rxg5 54. Rb1 Rg4 55. Rh1 Bf4+ 56. Kd3 Bg5 57. Rd1 Rf4 58. Ke3 Rh4+ 59. Kd3 f5
60. Bg2 Bf6 61. Ke3 g5 62. Rd2 Kf8 63. Rd3 Ke7 64. Rd1 Kd6 65. Bf3 Rh3 66. Rh1
Bxd4+ 67. Kxd4 Rxf3 68. Rh6+ Ke7 69. Rh7+ Kd8 70. Rh8+ Kd7 71. Rh7+ Kc8 72. Rh2
g4 73. Ke5 Kb7 74. Rg2 Kb6 75. d6 Kc6 76. dxc7 Kxc7 77. Rh2 Kc6 78. Ke6 Kc5 79.
Ke5 Kc4 80. Rh5 Rxf2 81. Rg5 Kd3 82. Rg7 f4 83. Rxg4 Ke3 84. Kf5 Rf1 85. Rg8 f3
86. Re8+ Kf2 87. Rf8 Rb1 88. Kg4 Rb3 89. Kh3 Kf1 90. Kg3 f2+ 91. Kh2 Re3 92.
Ra8 Ke2 93. Ra2+ Kf3 94. Ra1 Rd3 95. Kh3 Rd6 {PostModernist resigns} 0-1

[Event "ICS rated blitz match"]
[Site "204.178.125.65"]
[Date "2001.01.31"]
[Round "?"]
[White "Hossa"]
[Black "PostModernist"]
[Result "1/2-1/2"]
[WhiteElo "2605"]
[BlackElo "2489"]
[PlyCount "87"]
[EventDate "2001.??.??"]

1. e4 c5 2. Nf3 Nc6 3. Bb5 e6 4. Bxc6 bxc6 5. b3 Ne7 6. d3 Ng6 7. Bb2 f6 8. c4
Be7 9. O-O O-O 10. Nc3 Bb7 11. Qc2 Qe8 12. Bc1 Qf7 13. Rb1 Rfd8 14. Ba3 d6 15.
b4 cxb4 16. Rxb4 Bc8 17. Rb3 e5 18. Rfb1 Bg4 19. Nd2 Nf4 20. Nf1 Ne6 21. R3b2
Nd4 22. Qd2 a5 23. Ne3 Bh5 24. Rb7 Qg6 25. Kh1 Re8 26. c5 dxc5 27. Na4 Ne6 28.
Qc3 Nd8 29. R7b2 Ne6 30. Bxc5 Bd8 31. Rb7 Nf4 32. Bd6 Be2 33. Nc5 a4 34. Rd7
Bg4 35. Qc4+ Kh8 36. Rdb7 Be2 37. Rg1 f5 38. Nxf5 Nh3 39. Rgb1 Nxf2+ 40. Kg1
Nh3+ 41. Kh1 Nf2+ 42. Kg1 Nh3+ 43. Kh1 Nf2+ 44. Kg1 {Game drawn by repetition}
1/2-1/2

[Event "ICS Rated standard match"]
[Site "204.178.125.65"]
[Date "2001.01.31"]
[Round "?"]
[White "Hossa"]
[Black "diep"]
[Result "1/2-1/2"]
[WhiteElo "2374"]
[BlackElo "2466"]
[PlyCount "349"]
[EventDate "2001.??.??"]

1. e4 c5 2. Nf3 d6 3. Bb5+ Nc6 4. O-O Bg4 5. Nc3 e6 6. d3 a6 7. Bxc6+ bxc6 8.
Kh1 Nf6 9. h3 Bh5 10. e5 dxe5 11. g4 Bg6 12. Nxe5 Nd7 13. f4 Nxe5 14. fxe5 h5
15. g5 c4 16. Qf3 Rc8 17. dxc4 Qd4 18. Qe2 Qh4 19. Rf3 Bf5 20. Qf1 Rb8 21. b3
Bb4 22. Bf4 Rd8 23. Kg1 Bxc2 24. a3 Be7 25. Ra2 Bf5 26. Qg2 O-O 27. Kh2 Rd3 28.
Rxd3 Bxd3 29. Rf2 Bf5 30. b4 c5 31. b5 axb5 32. cxb5 Bxh3 33. Qg3 Qxg3+ 34.
Kxg3 Bf5 35. Kh4 c4 36. Bc1 Rd8 37. Rd2 Bd3 38. b6 Bc5 39. b7 Rb8 40. Rb2 Kh7
41. Rb5 Bf2+ 42. Kh3 Be1 43. Na4 c3 44. Rb6 Bf5+ 45. Kh2 Be4 46. Rb4 Bd5 47.
Nc5 Bf2 48. Nd3 Ba7 49. Nf4 Bxb7 50. Nxh5 Bf3 51. Ra4 Ra8 52. Rh4 Bxh5 53.
Rxh5+ Kg6 54. Rh4 Bb8 55. Rc4 Bxe5+ 56. Kg2 Kf5 57. Kf3 Rh8 58. a4 Rh2 59. a5
Rh1 60. Be3 Rf1+ 61. Ke2 Ra1 62. Rc5 Ke4 63. Rc4+ Kd5 64. Rc5+ Kd6 65. Kf3 Ra3
66. Ke2 Ra2+ 67. Kd3 Rd2+ 68. Ke4 f5+ 69. gxf6 gxf6 70. Rc8 Ra2 71. Bb6 Kd7 72.
Rd8+ Kc6 73. Rc8+ Kb7 74. Rc4 Rg2 75. Kd3 Rd2+ 76. Ke3 Rd1 77. Ke4 Rd5 78. Ke3
f5 79. Rb4 Ka6 80. Rc4 Rd2 81. Rc6 Kb7 82. Rc4 Rd1 83. Ke2 Rd5 84. Ke3 Rd7 85.
Rb4 Ka6 86. Rc4 Rd1 87. Rc6 Kb7 88. Rc4 Rd2 89. Kf3 Rd5 90. Ke3 Rd6 91. Rc7+
Ka6 92. Rc8 Rd2 93. Rc6 Kb7 94. Rc4 Bf6 95. Rc7+ Kb8 96. Kf4 Ra2 97. Rc4 c2 98.
Be3 Kb7 99. Bd2 Ba1 100. Kg5 Be5 101. Rc5 Bd4 102. Rc4 Ba1 103. Kg6 Ka6 104.
Rc5 Bh8 105. Rc8 Bd4 106. Rc4 Bf2 107. Kf6 Kb5 108. Rc8 Bc5 109. Kxe6 f4 110.
Bxf4 Rxa5 111. Kd5 Bf2 112. Rxc2 Ka6+ 113. Ke6 Ba7 114. Rc6+ Kb5 115. Rc7 Bd4
116. Rc8 Ka6 117. Rc4 Bb2 118. Rc6+ Kb7 119. Rc2 Bd4 120. Rc4 Ra6+ 121. Kd5 Bb6
122. Rb4 Ra5+ 123. Kd6 Ra2 124. Be3 Ra3 125. Rxb6+ Kc8 126. Rc6+ Kb7 127. Rc7+
Ka8 128. Bc5 Ra6+ 129. Kd5 Kb8 130. Bd6 Rb6 131. Re7+ Kc8 132. Ke6 Rc6 133. Ra7
Rc2 134. Rf7 Rc3 135. Be5 Rc4 136. Kd5 Rc2 137. Bd6 Re2 138. Ra7 Kd8 139. Be5
Rd2+ 140. Ke6 Rc2 141. Rb7 Rc1 142. Rd7+ Kc8 143. Re7 Rc2 144. Rg7 Rc1 145. Bd6
Rc2 146. Ra7 Rc3 147. Rf7 Rc4 148. Rh7 Rc2 149. Rh8+ Kb7 150. Rb8+ Ka6 151. Kd5
Ka5 152. Bc5 Ka4 153. Kc6 Rc3 154. Rb2 Rc4 155. Rb5 Rc2 156. Rb1 Rc3 157. Rb7
Rc4 158. Kd5 Rc2 159. Bd4 Ka3 160. Be5 Re2 161. Rb5 Rc2 162. Rb6 Re2 163. Bc3
Re8 164. Bd4 Rd8+ 165. Kc4 Rc8+ 166. Bc5+ Ka2 167. Kd5 Rc7 168. Rb8 Rd7+ 169.
Bd6 Rg7 170. Be5 Rg4 171. Bd4 Rg6 172. Kc4 Rc6+ 173. Bc5 Rc7 174. Rb4 Rc8 175.
Rb2+ {Game drawn by the 50 move rule} 1/2-1/2

[Event "ICS rated blitz match"]
[Site "204.178.125.65"]
[Date "2001.01.31"]
[Round "?"]
[White "QueenMaxima"]
[Black "Hossa"]
[Result "0-1"]
[WhiteElo "2523"]
[BlackElo "2600"]
[PlyCount "66"]
[EventDate "2001.??.??"]

1. d4 d5 2. Nc3 Nf6 3. Bg5 Nbd7 4. f3 e6 5. e4 Be7 6. Qd3 c5 7. O-O-O cxd4 8.
Qxd4 e5 9. Qa4 d4 10. Bxf6 Bxf6 11. Nd5 O-O 12. Nxf6+ Nxf6 13. Bc4 Bd7 14. Qb4
Qc7 15. Ne2 a5 16. Qb3 Rac8 17. Bd3 Be6 18. Qa4 Nd7 19. Qb5 Nc5 20. b4 Nxd3+
21. Qxd3 axb4 22. Kb2 Bxa2 23. Ra1 Bc4 24. Qd2 Bxe2 25. Qxe2 Qc3+ 26. Kb1 Ra8
27. Ra6 Rxa6 28. Qxa6 bxa6 29. Rf1 b3 30. Rf2 Rb8 31. cxb3 Qxb3+ 32. Kc1 Qb1+
33. Kd2 Rb2# {QueenMaxima checkmated} 0-1

[Event "ICS rated blitz match"]
[Site "204.178.125.65"]
[Date "2001.01.31"]
[Round "?"]
[White "ChesterX"]
[Black "Hossa"]
[Result "1-0"]
[WhiteElo "2709"]
[BlackElo "2624"]
[PlyCount "131"]
[EventDate "2001.??.??"]

1. c4 e6 2. Nc3 c5 3. Nf3 b6 4. e4 Be7 5. Be2 d6 6. d4 cxd4 7. Nxd4 Nf6 8. O-O
Bb7 9. Qc2 O-O 10. Bg5 a6 11. Bd3 Nbd7 12. Rad1 Ng4 13. Bxe7 Qxe7 14. Be2 Ngf6
15. b3 Rfc8 16. a4 Rf8 17. Rd2 Rfd8 18. f4 d5 19. Bf3 dxe4 20. Nxe4 Nxe4 21.
Bxe4 Nf6 22. Bxb7 Qxb7 23. Rfd1 Qc7 24. Nf3 Qc5+ 25. Kf1 Rxd2 26. Qxd2 Ne4 27.
Qd4 Qxd4 28. Rxd4 Nc5 29. Rd6 Rb8 30. Ne5 h6 31. Nd7 Nxd7 32. Rxd7 g5 33. fxg5
hxg5 34. Ke2 Kg7 35. Ke3 a5 36. Ke4 Kg6 37. Ke5 Rh8 38. h3 Rh4 39. Rd3 Rh8 40.
Rd6 Rh4 41. Rxb6 g4 42. hxg4 Rxg4 43. Rb5 Rxg2 44. c5 Re2+ 45. Kd4 Rb2 46. c6
Rc2 47. Rc5 Rd2+ 48. Ke5 Rd8 49. c7 Rc8 50. Kd6 Kg7 51. Rxa5 Kf6 52. Rc5 Kg6
53. b4 f6 54. b5 Ra8 55. c8=Q Rxc8 56. Rxc8 e5 57. Re8 f5 58. Kxe5 f4 59. Kxf4
Kf6 60. b6 Kf7 61. Re5 Kf6 62. b7 Kg6 63. b8=Q Kh6 64. Rh5+ Kg6 65. Qc7 Kf6 66.
Rh6# {Hossa checkmated} 1-0

[Event "ICS rated blitz match"]
[Site "204.178.125.65"]
[Date "2001.01.31"]
[Round "?"]
[White "Hossa"]
[Black "PostModernist"]
[Result "1-0"]
[WhiteElo "2612"]
[BlackElo "2513"]
[PlyCount "137"]
[EventDate "2001.??.??"]

1. c4 e5 2. Nf3 e4 3. Nd4 Nc6 4. Nxc6 dxc6 5. Nc3 Nf6 6. d4 Bb4 7. a3 Bxc3+ 8.
bxc3 O-O 9. Bf4 Bg4 10. h3 Be6 11. e3 a6 12. a4 b6 13. Be2 a5 14. O-O Qe7 15.
Qd2 Rfd8 16. Be5 Rac8 17. Qc2 Bf5 18. Ra2 Nd7 19. Bg3 c5 20. Rb1 Qf6 21. Rab2
Qe6 22. Rb3 Bg6 23. Bh4 cxd4 24. cxd4 Re8 25. Rb5 h6 26. Bg4 f5 27. Be2 Bf7 28.
Rxf5 g5 29. Bg3 c6 30. Rxf7 Qxf7 31. c5 bxc5 32. Bc4 Re6 33. dxc5 Nxc5 34. Bxe6
Nxe6 35. Qxe4 Nc5 36. Qc2 Qe7 37. Qf5 Qf8 38. Qg4 Qe8 39. Qc4+ Ne6 40. Rb7 Rd8
41. Qe4 Ng7 42. Qc2 Rd5 43. e4 Rd8 44. Bc7 Ra8 45. Rb6 Rc8 46. Rxc6 Qd7 47. Rc3
Ra8 48. Rd3 Qe8 49. Qb3+ Kh7 50. Qb7 Qc8 51. Qxc8 Rxc8 52. Rd7 Kg6 53. Rd6+ Kh7
54. Bxa5 Rc4 55. f3 Rxa4 56. Bc3 Ra7 57. h4 gxh4 58. Bd4 Rf7 59. Be3 h5 60.
Rh6+ Kg8 61. Bd4 h3 62. Rg6 hxg2 63. Rxg7+ Rxg7 64. Bxg7 Kf7 65. Kxg2 Ke6 66.
Kh3 Ke7 67. Kh4 Kf7 68. Kxh5 Ke6 69. e5 {PostModernist resigns} 1-0

[Event "ICS rated blitz match"]
[Site "204.178.125.65"]
[Date "2001.01.31"]
[Round "?"]
[White "monsoon"]
[Black "Hossa"]
[Result "1/2-1/2"]
[WhiteElo "2467"]
[BlackElo "2624"]
[PlyCount "195"]
[EventDate "2001.??.??"]

1. e4 c5 2. Nf3 Nc6 3. d4 cxd4 4. Nxd4 Nf6 5. Nc3 e5 6. Ndb5 d6 7. Bg5 a6 8.
Na3 b5 9. Nd5 Be7 10. Bxf6 Bxf6 11. c3 O-O 12. Nc2 Bg5 13. a4 bxa4 14. Rxa4 Ne7
15. Bc4 Nxd5 16. Bxd5 Bd7 17. Ra2 Rb8 18. O-O a5 19. Qh5 a4 20. c4 Qf6 21. Ne1
Rb3 22. Nf3 Bf4 23. g3 Bh6 24. Nh4 Bg5 25. Ng2 g6 26. Qe2 Bh6 27. c5 Bb5 28.
Bc4 Bxc4 29. Qxc4 dxc5 30. Qxc5 Qe6 31. Rxa4 Rxb2 32. Rfa1 f5 33. Ra6 Qb3 34.
exf5 Rxf5 35. R6a3 Qb7 36. Rf1 Bf8 37. Qc4+ Rf7 38. Ra6 Qf3 39. Nh4 Qe2 40.
Qxe2 Rxe2 41. Ra8 Kg7 42. Rc8 Bb4 43. Ng2 g5 44. Rc4 Ba5 45. Rc6 h5 46. g4 hxg4
47. Ne3 Rf4 48. Nd5 Rf3 49. Ne3 Be1 50. Nxg4 Rf4 51. h3 Rf8 52. Re6 Rf5 53.
Re7+ Kg6 54. Rd7 Rf8 55. Rd5 Bc3 56. Rc1 Rf3 57. Rd6+ Kf7 58. Kh2 e4 59. Rd8
Rb2 60. Rd5 Bd2 61. Rc6 Bf4+ 62. Kg1 Ke7 63. Ne5 Bxe5 64. Rxe5+ Kf7 65. Rxe4
Rfxf2 66. Re5 Rg2+ 67. Kf1 Rh2 68. Rf5+ Ke8 69. Kg1 Rbg2+ 70. Kf1 Rd2 71. Kg1
Kd7 72. Ra6 Rdg2+ 73. Kf1 Rb2 74. Kg1 Rhg2+ 75. Kf1 Rgd2 76. Kg1 Ke7 77. Re5+
Kd8 78. Rf6 Rg2+ 79. Kf1 Rh2 80. Kg1 Rbg2+ 81. Kf1 Kd7 82. Ra5 Rc2 83. Kg1
Rhg2+ 84. Kf1 Rgd2 85. Ra7+ Ke8 86. Re6+ Kd8 87. Re5 Rf2+ 88. Kg1 Rg2+ 89. Kh1
Rh2+ 90. Kg1 Rcg2+ 91. Kf1 Rf2+ 92. Kg1 Rhg2+ 93. Kh1 Rb2 94. Rb5 Rh2+ 95. Kg1
Rhg2+ 96. Kh1 Rh2+ 97. Kg1 Rhg2+ 98. Kh1 {Game drawn by repetition} 1/2-1/2

[Event "ICS rated blitz match"]
[Site "204.178.125.65"]
[Date "2001.01.31"]
[Round "?"]
[White "Hossa"]
[Black "ChesterX"]
[Result "0-1"]
[WhiteElo "2617"]
[BlackElo "2721"]
[PlyCount "106"]
[EventDate "2001.??.??"]

1. c4 c5 2. Nf3 Nf6 3. d4 cxd4 4. Nxd4 e6 5. Nb5 d5 6. cxd5 a6 7. Qa4 Bd7 8. e4
Qb6 9. N1c3 exd5 10. Be3 Bc5 11. Bxc5 Qxc5 12. exd5 O-O 13. Be2 Re8 14. Qd4
Rxe2+ 15. Nxe2 Qxb5 16. Rd1 Bf5 17. Ng3 Bg6 18. b3 Nbd7 19. f4 Nc5 20. f5 Re8+
21. Kf2 Nce4+ 22. Kg1 Nxg3 23. hxg3 Bxf5 24. Rh4 Re2 25. Rf1 Be4 26. Rf2 Rxf2
27. Kxf2 Bxd5 28. Qa7 Bc6 29. Kg1 Qd5 30. Qf2 Ng4 31. Qf1 Qe6 32. Kh1 g5 33.
Rh2 h6 34. Rh5 Qg6 35. Rh2 Qc2 36. b4 Nxh2 37. Kxh2 Qxa2 38. Kh3 Qb2 39. Qg1
Qe2 40. g4 f5 41. Kh2 fxg4 42. b5 g3+ 43. Kxg3 Qe4 44. Kf2 Qd4+ 45. Ke1 Qxg1+
46. Kd2 Qxg2+ 47. Kc3 Qf3+ 48. Kd2 Bxb5 49. Kc2 Qd3+ 50. Kc1 Qc3+ 51. Kb1 Bd3+
52. Ka2 Qb4 53. Ka1 Qa3# {Hossa checkmated} 0-1

[Event "ICS Rated blitz match"]
[Site "204.178.125.65"]
[Date "2001.01.31"]
[Round "?"]
[White "Hossa"]
[Black "ChesterX"]
[Result "0-1"]
[WhiteElo "2584"]
[BlackElo "2732"]
[PlyCount "80"]
[EventDate "2001.??.??"]

1. e4 c5 2. Nf3 d6 3. d4 Nf6 4. Nc3 cxd4 5. Nxd4 Nc6 6. Bg5 e6 7. Qd2 Be7 8.
O-O-O O-O 9. Nb3 Qb6 10. f3 Rd8 11. Be3 Qc7 12. Qf2 d5 13. exd5 Nxd5 14. Nxd5
exd5 15. Kb1 Bf5 16. Bb5 Bf6 17. g4 Bg6 18. f4 Be4 19. Rhg1 d4 20. Bd2 a6 21.
Bd3 Bxd3 22. cxd3 a5 23. Rc1 a4 24. Nc5 a3 25. b3 Be7 26. h4 Re8 27. Rc2 Bxc5
28. Rxc5 Qd7 29. h5 Rac8 30. h6 Qd6 31. Rb5 Qxh6 32. Rh5 Qg6 33. Rg3 Qe6 34.
Qh2 Qe1+ 35. Bc1 Nb4 36. Rc5 Rxc5 37. Qd2 Re2 38. Rg1 Rxc1+ 39. Qxc1 Rb2+ 40.
Ka1 Nc2# {Hossa checkmated} 0-1

[Event "ICS rated blitz match"]
[Site "204.178.125.65"]
[Date "2001.01.31"]
[Round "?"]
[White "Hossa"]
[Black "petrus"]
[Result "1-0"]
[WhiteElo "2575"]
[BlackElo "1939"]
[PlyCount "55"]
[EventDate "2001.??.??"]

1. e4 e5 2. Nf3 Nc6 3. Bb5 Bc5 4. d3 Nge7 5. c3 O-O 6. b4 Bb6 7. Bxc6 Nxc6 8.
b5 Ne7 9. Nxe5 d6 10. Nc4 Be6 11. Nxb6 axb6 12. Qe2 f5 13. O-O fxe4 14. Bg5 h6
15. Qxe4 Qd7 16. Bxe7 Qxe7 17. Re1 Rae8 18. Nd2 Qf6 19. Nf3 d5 20. Qd4 c6 21.
Qxb6 Bg4 22. Rxe8 Rxe8 23. Nd4 Rf8 24. f3 Bf5 25. Qxb7 Bxd3 26. bxc6 Qf4 27. c7
Qe3+ 28. Kh1 {petrus resigns} 1-0

[Event "ICS rated blitz match"]
[Site "204.178.125.65"]
[Date "2001.01.31"]
[Round "?"]
[White "Dorky"]
[Black "Hossa"]
[Result "1/2-1/2"]
[WhiteElo "2382"]
[BlackElo "2576"]
[PlyCount "101"]
[EventDate "2001.??.??"]

1. d4 d5 2. c4 e6 3. Nf3 Nf6 4. Nc3 Be7 5. Bg5 h6 6. Bxf6 Bxf6 7. e3 O-O 8. Qd2
Nc6 9. Rc1 Re8 10. cxd5 exd5 11. Bb5 a6 12. Bxc6 bxc6 13. O-O a5 14. Rfe1 Bg4
15. Na4 Bxf3 16. gxf3 Be7 17. a3 Qd7 18. Qc2 Ra6 19. Qe2 Rea8 20. f4 Qh3 21.
Kh1 g6 22. Nc5 Bxc5 23. Rxc5 Rb6 24. Rc2 Rab8 25. a4 Rb4 26. Rxc6 Rxb2 27. Qf1
Qh4 28. Re2 Rb1 29. Re1 Qe7 30. Rxb1 Qe4+ 31. Kg1 Rxb1 32. Rc1 Rb4 33. Qd1 Rc4
34. Rxc4 dxc4 35. h4 Kg7 36. Kh2 Qd3 37. Qf3 Qc2 38. Kg3 Qxa4 39. Qd5 c6 40.
Qe5+ Kf8 41. Qh8+ Ke7 42. Qe5+ Kd7 43. Qf6 Ke8 44. Qh8+ Ke7 45. Qe5+ Kd7 46.
Qf6 Ke8 47. Qe5+ Kd7 48. Qf6 Ke8 49. Qe5+ Kd7 50. Qf6 Ke8 51. Qe5+ {
Game drawn by repetition} 1/2-1/2

[Event "ICS rated blitz match"]
[Site "204.178.125.65"]
[Date "2001.01.31"]
[Round "?"]
[White "Hossa"]
[Black "Dorky"]
[Result "1-0"]
[WhiteElo "2568"]
[BlackElo "2390"]
[PlyCount "103"]
[EventDate "2001.??.??"]

1. e4 c5 2. Nf3 d6 3. d4 cxd4 4. Nxd4 Nf6 5. Nc3 Nc6 6. Be2 g6 7. Be3 Bg7 8.
O-O O-O 9. Qd2 Nxd4 10. Bxd4 e5 11. Be3 Qd7 12. Rfd1 Rd8 13. Bh6 Qc6 14. Bxg7
Kxg7 15. Qg5 Be6 16. Bf3 Qc5 17. a4 h6 18. Qd2 Rac8 19. Rac1 Kh7 20. Rb1 b6 21.
Ra1 a5 22. Rab1 Qb4 23. Kh1 Rc6 24. Qe3 Qc5 25. Qe2 Kg7 26. Qd2 Rdc8 27. Kg1
Kh7 28. Be2 Rd8 29. Bb5 Rcc8 30. Qe1 Rc7 31. Rd3 Kg8 32. Qd2 Kg7 33. Rd1 Bg4
34. Re1 Bc8 35. h3 Bb7 36. h4 Kg8 37. Re2 Kh7 38. Rf3 Kg7 39. Rxf6 Kxf6 40.
Qxh6 Ra8 41. h5 Qb4 42. hxg6 fxg6 43. Re3 Rxc3 44. Qh4+ Ke6 45. Qg4+ Kf6 46.
Rxc3 Qxe4 47. Rf3+ Kg7 48. Qd7+ Kh6 49. Rh3+ Kg5 50. Qe7+ Kg4 51. Bd7+ Kf4 52.
Rh4# {Dorky checkmated} 1-0

[Event "ICS rated blitz match"]
[Site "204.178.125.65"]
[Date "2001.01.31"]
[Round "?"]
[White "Hossa"]
[Black "kunifax"]
[Result "1-0"]
[WhiteElo "2576"]
[BlackElo "2266"]
[PlyCount "95"]
[EventDate "2001.??.??"]

1. e4 d6 2. d4 g6 3. Nc3 Bg7 4. Nf3 Nf6 5. Bd3 O-O 6. O-O Nbd7 7. a3 e5 8. dxe5
Nxe5 9. Nxe5 dxe5 10. Bg5 c6 11. Qd2 Qe7 12. Qe3 Be6 13. f4 exf4 14. Qd4 Rfd8
15. Qf2 h6 16. Bxf4 Nh5 17. Be3 b6 18. Be2 Nf6 19. Qf4 Nd7 20. Rad1 Ne5 21. Bf2
Rxd1 22. Rxd1 Rd8 23. Rxd8+ Qxd8 24. Be3 Qf6 25. Qxf6 Bxf6 26. Bxh6 Nc4 27.
Bxc4 Bxc4 28. Bf4 b5 29. e5 Be7 30. Kf2 a5 31. Be3 a4 32. Kf3 Kf8 33. Ne4 Ke8
34. Bg5 Bd5 35. Bxe7 Kxe7 36. Kf4 Ke6 37. Nc5+ Ke7 38. g4 Bg2 39. h4 Bd5 40. h5
gxh5 41. gxh5 Kf8 42. h6 Kg8 43. Nd7 Kh7 44. Kg5 Be6 45. Nf8+ Kg8 46. Nxe6 fxe6
47. Kf6 Kh7 48. Kxe6 {kunifax resigns} 1-0

[Event "ICS rated blitz match"]
[Site "204.178.125.65"]
[Date "2001.01.31"]
[Round "?"]
[White "Mstahl"]
[Black "Hossa"]
[Result "0-1"]
[WhiteElo "2075"]
[BlackElo "2581"]
[PlyCount "48"]
[EventDate "2001.??.??"]

1. e4 c5 2. c3 Nf6 3. e5 Nd5 4. g3 d6 5. exd6 Qxd6 6. Bg2 Nc6 7. Nf3 Bf5 8. O-O
Bd3 9. Re1 Nf6 10. Na3 Nd7 11. b3 O-O-O 12. Nc4 Qf6 13. Re3 Nb6 14. Nxb6+ axb6
15. Ne1 Ba6 16. Bb2 h5 17. d4 h4 18. d5 hxg3 19. hxg3 e6 20. dxc6 Rxd1 21.
cxb7+ Bxb7 22. Bxb7+ Kxb7 23. Rxd1 Qf5 24. Rd2 Qh3 {Mstahl resigns} 0-1

[Event "ICS rated standard match"]
[Site "204.178.125.65"]
[Date "2001.01.31"]
[Round "?"]
[White "BrazilianMaster"]
[Black "Hossa"]
[Result "1-0"]
[WhiteElo "2705"]
[BlackElo "2378"]
[PlyCount "91"]
[EventDate "2001.??.??"]

1. e4 c5 2. c3 Nf6 3. e5 Nd5 4. Nf3 e6 5. Bc4 d6 6. O-O dxe5 7. Nxe5 Bd6 8. d4
O-O 9. Nf3 cxd4 10. Qxd4 Nc6 11. Qe4 Nf6 12. Qe2 e5 13. Nbd2 Bf5 14. Ng5 e4 15.
Ndxe4 Nxe4 16. Nxe4 Bxh2+ 17. Kxh2 Qh4+ 18. Kg1 Bxe4 19. f3 Bg6 20. Bb5 Rfd8
21. Be3 a6 22. Bxc6 bxc6 23. Bf2 Qh5 24. Rfe1 a5 25. Qe7 Qd5 26. Bb6 Rf8 27.
Re5 Qd2 28. Re2 Qd5 29. b3 Qd3 30. Qe3 Qd7 31. Rd2 Qf5 32. Re1 Rfc8 33. Bd8 h6
34. Qe8+ Kh7 35. Qf8 Qf4 36. Re8 Bf5 37. Bf6 Qe3+ 38. Rf2 Qc1+ 39. Rf1 Qe3+ 40.
Kh1 Qg5 41. Qg8+ Kg6 42. Qxg7+ Kh5 43. Bxg5 hxg5 44. g4+ Kh4 45. Qh6+ Kg3 46.
Qh2# {Hossa checkmated} 1-0

[Event "ICS rated blitz match"]
[Site "204.178.125.65"]
[Date "2001.01.31"]
[Round "?"]
[White "Hossa"]
[Black "QuarkX"]
[Result "0-1"]
[WhiteElo "2583"]
[BlackElo "2410"]
[PlyCount "270"]
[EventDate "2001.??.??"]

1. e4 Nf6 2. e5 Nd5 3. d4 d6 4. Nf3 Nc6 5. Be2 Bg4 6. O-O dxe5 7. Nxe5 Bxe2 8.
Qxe2 Nxd4 9. Qc4 f6 10. Qxd4 fxe5 11. Qe4 c6 12. Bg5 Qd6 13. Rd1 O-O-O 14. Na3
Qe6 15. Nc4 Nf6 16. Rxd8+ Kxd8 17. Qe2 e4 18. Be3 b6 19. Rd1+ Ke8 20. c3 Nd5
21. Bc1 Qf5 22. Rd4 Nf6 23. Nd2 Qg5 24. Qe1 e3 25. fxe3 e5 26. Nf3 Qf5 27. e4
Qe6 28. Rd1 Bd6 29. Qe2 h6 30. Qd3 Ke7 31. Be3 Ng4 32. Bf2 Rd8 33. Qa6 Nxf2 34.
Kxf2 Bc5+ 35. Ke2 Rxd1 36. Kxd1 Qd7+ 37. Kc2 Kf6 38. Qf1 g6 39. Nd2+ Ke7 40.
Nc4 Qe6 41. b4 Bg1 42. h3 b5 43. Nb2 Be3 44. Qe1 Bb6 45. Kb1 c5 46. Nd3 c4 47.
Nc5 Qd6 48. Nb7 Qd3+ 49. Kb2 Be3 50. Nc5 Bxc5 51. bxc5 Kd7 52. g3 a5 53. Ka1
Kc6 54. Kb2 a4 55. a3 Kb7 56. Kc1 Qf3 57. h4 Kc8 58. Kb2 h5 59. Kc1 Qf8 60. Qe3
Qf1+ 61. Kc2 Qg2+ 62. Kb1 Qh1+ 63. Kb2 Qd1 64. Qc1 Qe2+ 65. Qc2 Qf3 66. c6 Qxg3
67. Qd2 Qh3 68. Qd5 Qg2+ 69. Kb1 Qf1+ 70. Kb2 Qf2+ 71. Kb1 Qg1+ 72. Kc2 Qf2+
73. Kb1 Qe1+ 74. Kb2 Qe2+ 75. Kc1 Qg4 76. Qxe5 Qxh4 77. Qe6+ Kc7 78. Qf7+ Kxc6
79. Qe6+ Kc7 80. Qe5+ Kd8 81. Qd6+ Ke8 82. Qxg6+ Ke7 83. Qh7+ Kd6 84. Qg6+ Kc7
85. Qg7+ Kc6 86. Qg6+ Kb7 87. Qg7+ Ka6 88. Qh6+ Ka5 89. Qe3 Qe7 90. Kb2 h4 91.
e5 h3 92. Qxh3 Qxe5 93. Qg2 Kb6 94. Qg6+ Kc5 95. Qg1+ Kd5 96. Qg2+ Kd6 97. Qg6+
Kc7 98. Qh7+ Kb6 99. Qg6+ Kb7 100. Qg2+ Kc7 101. Qf2 Kc6 102. Qd2 Qg3 103. Qe2
Kd6 104. Qd2+ Kc7 105. Qc2 Qf4 106. Qh7+ Kd6 107. Qg6+ Kc5 108. Qg1+ Kd5 109.
Qg8+ Ke4 110. Qa8+ Kf5 111. Qf8+ Kg4 112. Qg8+ Qg5 113. Qe6+ Kf3 114. Qh3+ Kf2
115. Qd7 Ke1 116. Kc2 Qg2+ 117. Kc1 Qf3 118. Qd2+ Kf1 119. Kb2 Qe2 120. Qxe2+
Kxe2 121. Kc2 Ke3 122. Kc1 Kd3 123. Kb2 Kd2 124. Kb1 Kxc3 125. Kc1 Kb3 126. Kd1
c3 127. Kc1 b4 128. Kd1 c2+ 129. Ke2 bxa3 130. Kf2 a2 131. Ke3 a1=Q 132. Ke4
Qf6 133. Kd5 c1=Q 134. Ke4 Qcf4+ 135. Kd5 Q4f5# {Hossa checkmated} 0-1